| 000 | 00476nam a22001937a 4500 | ||
|---|---|---|---|
| 005 | 20260202110007.0 | ||
| 008 | 260202b |||||||| |||| 00| 0 eng d | ||
| 020 |
_a9798886131048 _c1595.00 |
||
| 040 | _aMAIN | ||
| 041 | _aEnglish | ||
| 082 |
_a006.3 _bTHU |
||
| 100 |
_aThuillard, Marc _926159 |
||
| 245 | _aWavelets in Soft Computing | ||
| 250 | _a2nd | ||
| 260 |
_aSingapore _bWorld Scientific _c2025 |
||
| 300 | _a297 | ||
| 650 | _aComputer Science | ||
| 942 | _cBK | ||
| 999 |
_c60201 _d60201 |
||